Microsoft Word 2000 cho mọi người

Gardado en:
Detalles Bibliográficos
Autor Principal: Microsoft Word 2000 cho mọi người
Formato: Libro
Idioma:Undetermined
Publicado: Tp. HCM Thống Kê 1999
Những chủ đề:
Các nhãn: Engadir etiqueta
Sen Etiquetas, Sexa o primeiro en etiquetar este rexistro!
Thư viện lưu trữ: Trung tâm Học liệu Trường Đại học Cần Thơ
LEADER 00545nam a2200169Ia 4500
001 CTU_35034
008 210402s9999 xx 000 0 und d
082 |a 005.15 
082 |b M626 
100 |a Microsoft Word 2000 cho mọi người 
245 0 |a Microsoft Word 2000 cho mọi người 
245 0 |c Microsoft Word 2000 cho mọi người; Dịch giả: VN-Guide 
260 |a Tp. HCM 
260 |b Thống Kê 
260 |c 1999 
650 |a word ( computer programs ) 
980 |a Trung tâm Học liệu Trường Đại học Cần Thơ